Engineering mechanics (Record no. 6029)

000 -LEADER
fixed length control field 00538nam a2200205 i 4500
001 - CONTROL NUMBER
control field 6029
003 - CONTROL NUMBER IDENTIFIER
control field BD-DhUET
008 - FIXED-LENGTH DATA ELEMENTS--GENERAL INFORMATION
fixed length control field 750924s1976 njua 001 0 eng
020 ## - INTERNATIONAL STANDARD BOOK NUMBER
International Standard Book Number 013278663X
040 ## - CATALOGING SOURCE
Original cataloging agency DLC
Transcribing agency DLC
Modifying agency BD-DhUET
082 00 - DEWEY DECIMAL CLASSIFICATION NUMBER
Classification number 620.1
Item number MAL/1976
100 ## - MAIN ENTRY--PERSONAL NAME
Personal name Malvern, Lawrence E.
245 10 - TITLE STATEMENT
Title Engineering mechanics
Statement of responsibility, etc. by Lawrence E. Malvern
250 ## - EDITION STATEMENT
Edition statement 1st ed.
260 ## - PUBLICATION, DISTRIBUTION, ETC. (IMPRINT)
Place of publication, distribution, etc. New Jersey
Name of publisher, distributor, etc. Prentice-Hall
Date of publication, distribution, etc. 1976
300 ## - PHYSICAL DESCRIPTION
Extent x,302p.
Other physical details ill.
Dimensions 24 cm.
500 ## - GENERAL NOTE
General note Volume 1 Statics
650 #0 - SUBJECT ADDED ENTRY--TOPICAL TERM
Topical term or geographic name as entry element Mechanics - Applied
942 ## - ADDED ENTRY ELEMENTS (KOHA)
Koha item type General Book
Holdings
Koha date last seen Not for loan Date acquired Withdrawn status Damaged status Koha normalized classification for sorting Koha full call number Sublocation or collection (holding branch) Lost status Location (home branch) Koha item type Source of classification or shelving scheme Copy number Shelving location Price effective from Piece designation (barcode)
2014-11-29 2014-11-29  620_100000000000000_MAL_1976620.1/MAL/1976Central Library, BUET Central Library, BUETGeneral Book 1Circulation section2014-11-2972320
2014-11-30 2014-11-30  620_100000000000000_MAL_1976620.1/MAL/1976Central Library, BUET Central Library, BUETGeneral Book 2Circulation section2014-11-3084892
2014-12-02 2014-12-02  620_000000000000000_1MAL1976620.1/MAL/1976Central Library, BUET Central Library, BUETGeneral Book 3Circulation section2014-12-0286692
2014-12-02 2014-12-02  620_100000000000000_MAL_1976620.1/MAL/1976Central Library, BUET Central Library, BUETGeneral Book 4Circulation section2014-12-0284990